Quarks, Hadrons, Nuclei: proceeding of the 16th and 17th Annual, Hampton University Graduate Studies (HUGS) Summer Schools on

Đã lưu trong:
書目詳細資料
格式: Sách
語言:Undetermined
出版:  World Scientific  2004
主題:
標簽: 添加標簽
沒有標簽, 成為第一個標記此記錄!
Thư viện lưu trữ: Trung tâm Thư viện - Trường Đại học Công nghiệp TP. Hồ Chí Minh
LEADER 00508nam a2200133Ia 4500
001 UIH_07742
008 231011s9999 xx 000 0 und d
082 |a  539.7 
245 0 |a  Quarks, Hadrons, Nuclei: proceeding of the 16th and 17th Annual, Hampton University Graduate Studies (HUGS) Summer Schools on 
260 |b  World Scientific 
260 |c  2004 
650 |a  Vật lý hạt nhân;  
927 |a Sách 
980 |a Trung tâm Thư viện - Trường Đại học Công nghiệp TP. Hồ Chí Minh